Literature: An Introduction to Fiction, Poetry, Drama, and Writing / (Record no. 615466)

000 -LEADER
fixed length control field 00429nam a22001457a 4500
020 ## - INTERNATIONAL STANDARD BOOK NUMBER
Qualifying information PB.
040 ## - CATALOGING SOURCE
Transcribing agency FIZZA ISHAQ
082 ## - DEWEY DECIMAL CLASSIFICATION NUMBER
Classification number 808.8
Author Mark KEN
100 ## - MAIN ENTRY--PERSONAL NAME
Personal name Dana , Kennedy.
9 (RLIN) 132206
245 ## - TITLE STATEMENT
Title Literature: An Introduction to Fiction, Poetry, Drama, and Writing /
Statement of responsibility, etc. Kennedy, Dana.
250 ## - EDITION STATEMENT
Edition statement 10, illustrated.
260 ## - PUBLICATION, DISTRIBUTION, ETC.
Place of publication, distribution, etc. NEW YORK:
Name of publisher, distributor, etc. Pearson,
Date of publication, distribution, etc. 2007.
300 ## - PHYSICAL DESCRIPTION
Extent Index Inc ; 653 P. ;
Dimensions 24X16.4 X 2.2cm
942 ## - ADDED ENTRY ELEMENTS (KOHA)
Source of classification or shelving scheme
Koha item type Book
Holdings
Withdrawn status Lost status Source of classification or shelving scheme Damaged status Not for loan Permanent Location Current Location Shelving location Date acquired Full call number Barcode Date last seen Copy number Price effective from Koha item type Total Checkouts
          NUST Baluchistan Campus (NBC) NUST Baluchistan Campus (NBC) General Stacks 12/05/2025 808.8 KEN QD-188 12/05/2025 1 12/05/2025 Book  
          NUST Baluchistan Campus (NBC) NUST Baluchistan Campus (NBC) General Stacks 12/05/2025 808.8 KEN QD-184 12/05/2025 2 12/05/2025 Book  
© 2023 Central Library, National University of Sciences and Technology. All Rights Reserved.